QUEST Central Library Banner

C for Environmental Scientists and Engineers / (Record no. 4378)

MARC details
000 -LEADER
fixed length control field 00480nam a2200157 a 4500
020 ## - INTERNATIONAL STANDARD BOOK NUMBER
ISBN 8188237787 (paperback)
020 ## - INTERNATIONAL STANDARD BOOK NUMBER
ISBN 9788188237784 (paperback)
100 1# - MAIN ENTRY--AUTHOR NAME
Personal name Anjaneyulu, Y.
245 10 - TITLE STATEMENT
Title C for Environmental Scientists and Engineers /
260 ## - PUBLICATION, DISTRIBUTION, ETC. (IMPRINT)
Place of publication [S.l.] :
Name of publisher I K International Publishing House,
Year of publication 2006.
300 ## - PHYSICAL DESCRIPTION
Number of Pages 442 p. ;
650 ## - SUBJECT ADDED ENTRY--TOPICAL TERM
Topical Term Environment
700 1# - ADDED ENTRY--PERSONAL NAME
Personal name Manickam, V.
856 40 - ELECTRONIC LOCATION AND ACCESS
Uniform Resource Identifier http://www.amazon.com/exec/obidos/ASIN/8188237787/chopaconline-20
942 ## - ADDED ENTRY ELEMENTS (KOHA)
Koha item type Books
Holdings
Withdrawn status Lost status Home library Current library Date acquired Cost, normal purchase price Full call number Accession Number Koha item type
    Central Library, QUEST, Nawabshah Seminar Library, Energy & Environ. Engg. 27/05/2014 652.00 628.1ANJ 39261 Books

Copyright © 2018,The QUEST, Nawabshah, Shaheed Benazirabad. All rights reserved
Mr. G. Farooq Channar (Librarian) QUEST, Nawabshah, Sindh, Pakistan 67480.
 Ph#: |   0244-9370381-4 Ext. 2308   Email| lib@quest.edu.pk   Web|  http://www.quest.edu.pk